Города по Буквам — Ж - Statistics

General Stats
  • This quiz has been taken 171 times
  • The average score is 5 of 11
Answer Stats
Подсказка Город % Correct
Украинский город, согласно анекдоту, первая часть названия которого — то без чего человек не обойдётся, а вторая — приносит спокойствие Житомир
90%
Крупнейший город франкоязычной Швейцарии, штаб-квартира ВОЗ, МКК, ЦЕРН, ВТО, одна из штаб-квартир ООН Женева
90%
Город в Курской области, крупный центр добычи железных руд, что отражено в его названии Железногорск
70%
Чешский город, известный своим хмелем и пивом (известный "Гусь") Жатец
61%
Город в Подмосковье, названный в честь знаменитого русского механика Жуковский
49%
Город в Каталонии, основан римлянами как Герунда, ныне — популярный туристический центр Жирона
38%
Город в Самарской области, названный по горам, в котором он распологается Жигулёвск
36%
Город-курорт в Кавминводах, известная своей минеральной водой здравница Железноводск
35%
Белорусский город, выпускающий знаменитые "БелАЗы" Жодино
24%
Словацкий город с одним из лучших футбольных клубов страны Жилина
21%
Город в польском Подкарпатье; у украинцев он известен как Ряшев Жешув
18%
No matching quizzes found
Score Distribution
Percent of People with Each Score
Percentile by Number Answered
Your Score History
You have not taken this quiz